00957cam a22002653a 4500001000500000005001700005008004100022020002200063040002800085050001400113082001100127100001600138245005100154260003500205300004000240490004500280500002600325505000800351520020500359521002000564521002000584650003500604650002200639655003000661111620230815110354.0000811s2000 nyua c 000 1 eng d a0439178762 (pbk.) aIMFcIMFdOCLdDLCbeng00aPZ7.M4739 a808.811 aMazer, Anne14aThe declaration of independence /cAnne Mazer. aNew York :bScholastic,c2000. a112 pages :billustrations ;c20 cm1 aThe amazing days of Abby Hayes ;vBook 2 a"An Apple paperback." aN  a"This year the Fall Festival at the high school will be the best ever. Abby wants to go with her friends--not her parents and little brother. But first she has to prove how mature she has become..."0 a580 bLexile 1 aN bRaz-Plus  0aHigh school studentsvFiction. 0aSchoolsvFiction. 7aChildren's stories.2lcsh